Object design in the Age of Enlightenment : (Record no. 354053)

000 -LEADER
fixed length control field 01296cam a22003254a 4500
001 - CONTROL NUMBER
control field 13621100
003 - CONTROL NUMBER IDENTIFIER
control field OSt
005 - DATE AND TIME OF LATEST TRANSACTION
control field 20180116192425.0
008 - FIXED-LENGTH DATA ELEMENTS--GENERAL INFORMATION
fixed length control field 040610s2004 caua b 001 0 eng
010 ## - LIBRARY OF CONGRESS CONTROL NUMBER
LC control number 2004108686
020 ## - INTERNATIONAL STANDARD BOOK NUMBER
International Standard Book Number 0892367784 (hardcover)
040 ## - CATALOGING SOURCE
Original cataloging agency DLC
Transcribing agency DLC
Modifying agency DLC
041 1# - LANGUAGE CODE
Language code of text/sound track or separate title eng
Language code of original fre
042 ## - AUTHENTICATION CODE
Authentication code pcc
043 ## - GEOGRAPHIC AREA CODE
Geographic area code e-fr---
050 00 - LIBRARY OF CONGRESS CALL NUMBER
Classification number NC497
Item number .L4313 2004
082 00 - DEWEY DECIMAL CLASSIFICATION NUMBER
Classification number 741.094409033
Edition number 22
100 1# - MAIN ENTRY--PERSONAL NAME
Personal name Leben, Ulrich.
9 (RLIN) 7974
240 10 - UNIFORM TITLE
Uniform title Ecole royale gratuite de dessin de Paris, 1767-1815.
Language of a work English
245 10 - TITLE STATEMENT
Title Object design in the Age of Enlightenment :
Remainder of title the history of the Royal Free Drawing School in Paris /
Statement of responsibility, etc. Ulrich Leben.
260 ## - PUBLICATION, DISTRIBUTION, ETC.
Place of publication, distribution, etc. Los Angeles :
Name of publisher, distributor, etc. J. Paul Getty Museum,
Date of publication, distribution, etc. 2004.
300 ## - PHYSICAL DESCRIPTION
Extent 175 p. :
Other physical details ill. (some col.) ;
Dimensions 29 cm.
504 ## - BIBLIOGRAPHY, ETC. NOTE
Bibliography, etc. note Includes bibliographical references (p. 163-171) and index.
610 20 - SUBJECT ADDED ENTRY--CORPORATE NAME
Corporate name or jurisdiction name as entry element Ecole royale gratuite de dessin (Paris, France)
General subdivision History.
9 (RLIN) 7975
650 #0 - SUBJECT ADDED ENTRY--TOPICAL TERM
Topical term or geographic name entry element Drawing
General subdivision Study and teaching
Geographic subdivision France
General subdivision History
Chronological subdivision 18th century.
9 (RLIN) 7976
650 #0 - SUBJECT ADDED ENTRY--TOPICAL TERM
Topical term or geographic name entry element Drawing
General subdivision Study and teaching
Geographic subdivision France
General subdivision History
Chronological subdivision 19th century.
9 (RLIN) 7977
906 ## - LOCAL DATA ELEMENT F, LDF (RLIN)
a 7
b cbc
c orignew
d 2
e epcn
f 20
g y-gencatlg
942 ## - ADDED ENTRY ELEMENTS (KOHA)
Source of classification or shelving scheme
Koha item type Book
Holdings
Withdrawn status Lost status Source of classification or shelving scheme Damaged status Not for loan Permanent Location Current Location Date acquired Total Checkouts Full call number Barcode Date last seen Copy number Price effective from Koha item type
          School of Art Design and Architecture (SADA) School of Art Design and Architecture (SADA) 01/26/2015   741.094409033 LEB 2004 SADA0002433 01/05/2017 01 01/16/2018 Book
© 2023 Central Library, National University of Sciences and Technology. All Rights Reserved.